| 000 | 004470000a22001810004500 | ||
|---|---|---|---|
| 003 | MACL | ||
| 005 | 20150821131314.0 | ||
| 008 | 150821b xxu||||| |||| 00| 0 eng d | ||
| 040 |
_aMACL _cMACL |
||
| 041 | _aEnglish | ||
| 082 | _a614/GHA | ||
| 100 |
_aGhai, O.P. _96486 |
||
| 245 | _aManagement Of Primary Health Care | ||
| 260 |
_bInterprint Press _c1985 _aNew Delhi |
||
| 350 | _a22.50 | ||
| 650 |
_aMedical Science _985 |
||
| 942 |
_cBK _k614 _2ddc |
||
| 999 |
_c4984 _d4984 |
||